000 00794nam a2200265Ia 4500
003 OSt
005 20220928124332.0
006 a|||||r|||| 00| 0
007 ta
008 220927b |||||||| |||| 00| 0 eng d
020 _c3324.5
024 _a128762
037 _b173, 03/03/2016, Excel Book International
_cTextual
040 _aSDCL
_cSDCL
_beng
041 _2eng
_aeng
082 _aD6,8(B289P), Q5
100 _aLee Kent D.
_9464444
245 0 _aData structures and algorithms with python
260 _aCham
_bSpringer
_c2015
300 _axv;363p.
_ccm.
650 _aI I C
700 _a Hubbard Steve
_9464445
942 _hD6,8(B289P), Q5
_cTEXL
_2CC
999 _c777354
_d777354